Teoría del conocimiento
Uloženo v:
| Hlavní autor: | |
|---|---|
| Médium: | Kniha |
| Jazyk: | španělština |
| Vydáno: |
Buenos Aires
Losada
1947
|
| Edice: | Biblioteca contemporánea, 3
|
| Témata: | |
| Tagy: |
Přidat tag
Žádné tagy, Buďte první, kdo vytvoří štítek k tomuto záznamu!
|
MARC
| LEADER | 00000nam a2200000 a 4500 | ||
|---|---|---|---|
| 001 | UCX3615 | ||
| 003 | CL-VaPUC | ||
| 008 | 911115e19470000AG |||||||||||||||||spa|d | ||
| 082 | 0 | 4 | |a 121 |b HES |2 21 |
| 100 | |a Hessen, Johannes |e autor |9 597453 | ||
| 245 | 1 | 0 | |a Teoría del conocimiento |
| 300 | |a 173 p | ||
| 942 | |c BK | ||
| 945 | |d 19911115 00:00:00 | ||
| 260 | |a Buenos Aires |b Losada |c 1947 | ||
| 650 | 0 | |a Filosofía alemana |9 265002 | |
| 583 | |a last modification |c 19911115 00:00:00 |k Rodrigo Vera | ||
| 490 | 0 | |a Biblioteca contemporánea, 3 | |
| 999 | |c 224332 |d 224330 | ||
| 952 | |0 0 |1 0 |4 0 |6 121_000000000000000_HES_1947 |7 0 |8 A |9 220893 |a BIBEDU |b BIBEDU |c ES_NOD |d 2019-11-15 |i 2896265 |o 121 HES 1947 |p 2896265 |r 2023-08-09 |w 2019-11-15 |y BK |k LIT | ||